UK Political Party Leaders 2026 - Statistics

General Stats
  • This quiz has been taken 121 times
    2 since last reset
  • The average score is 8 of 14
Answer Stats
Party Leader(s) % Correct
Liberal Democrats Ed Davey
100%
Scottish National Party John Swinney
100%
Labour Party Keir Starmer
100%
Conservative Party Kemi Badenoch
100%
Reform UK Nigel Farage
100%
Green Party of England and Wales Zack Polanski
100%
Sinn Féin Mary Lou McDonald
50%
Plaid Cymru Rhun ap Iorwerth
50%
Restore Britain Rupert Lowe
50%
Social Democratic and Labour Party Claire Hanna
0%
Democratic Unionist Party Gavin Robinson
0%
Traditional Unionist Voice Jim Allister
0%
Ulster Unionist Party Mike Nesbitt
0%
Alliance Party Naomi Long
0%
No matching quizzes found
Score Distribution
Percent of People with Each Score
Percentile by Number Answered
Your Score History
You have not taken this quiz since the last reset